English Football Clubs That Won a Trophy - Statistics

General Stats
  • This quiz has been taken 47 times
  • The average score is 37 of 54
Answer Stats
Amount Last Won Club Name % Correct
31 2020 Arsenal
100%
47 2025 Liverpool
100%
44 2024 Manchester United
100%
26 2025 Chelsea
98%
15 1995 Everton
98%
27 2024 Manchester City
98%
18 2025 Tottenham Hotspur
98%
7 1992 Leeds United
95%
12 2025 Newcastle United
91%
9 1990 Nottingham Forest
91%
1 2025 Crystal Palace
88%
8 1973 Sunderland
88%
9 1980 Wolverhampton
88%
20 1996 Aston Villa
86%
10 2002 Blackburn Rovers
86%
5 2021 Leicester City
86%
1 1976 Southampton
86%
5 2023 West Ham United
86%
5 1975 Sheffield United
84%
8 1991 Sheffield Wednesday
84%
4 2008 Portsmouth
81%
2 1985 Norwich City
79%
3 1960 Burnley
77%
3 1981 Ipswich Town
77%
1 2004 Middlesbrough
77%
7 1968 West Bromwich Albion
77%
1 2013 Wigan Athletic
77%
1 1953 Blackpool
74%
1 1987 Coventry City
74%
3 1975 Derby County
74%
2 2011 Birmingham City
72%
1 1927 Cardiff City
72%
4 1938 Preston North End
72%
1 1972 Stoke City
72%
4 1958 Bolton Wanderers
67%
1 2013 Swansea City
67%
1 1967 Queens Park Rangers
65%
1 1988 MK Dons Wimbledon
63%
1 1986 Oxford United
63%
4 1926 Huddersfield Town
58%
1 1947 Charlton Athletic
56%
1 1988 Luton Town
56%
1 1894 Notts County
53%
1 1911 Bradford City
49%
1 1912 Barnsley
40%
2 1903 Bury
40%
1 1969 Swindon Town
37%
5 1878 The Wanderers
33%
2 1882 Old Etonians
28%
1 1875 Royal Engineers
19%
1 1874 Oxford University
14%
1 1883 Blackburn Olympic
12%
1 1880 Clapham Rovers
9%
1 1881 Old Carthusians
9%
No matching quizzes found
Score Distribution
Percent of People with Each Score
Percentile by Number Answered
Your Score History
You have not taken this quiz